| 000 | 00596cam a22001691 4500 | ||
|---|---|---|---|
| 082 | 0 | 0 |
_a610/.92 _aB _bSCH |
| 100 | 1 |
_aSchweitzer, Albert, _950497 |
|
| 245 | 1 | 0 |
_aOut of my life and thought, _ban autobiography; _ctr. by C. T. Campion. Postscript by Everett Skillings. |
| 260 |
_aNew York, _bH. Holt _c[1949] |
||
| 300 |
_a213 p.: _c21 cm. |
||
| 526 |
_a0 _b0 _c0 _d610_920000000000000_SCH |
||
| 650 | 0 |
_aMCE _9379 |
|
| 650 | 0 |
_aMissionaries, Medical _zGabon _xBiography. _950699 |
|
| 650 | 0 |
_aMusicians _zEurope _xBiography. _950700 |
|
| 650 | 0 |
_aTheologians _zEurope _xBiography. _950701 |
|
| 942 |
_2ddc _cBK |
||
| 999 |
_c553465 _d553465 |
||